Islandia : (Record no. 196248)

MARC details
000 -LEADER
campo de control de longitud fija 01507nam a2200361 i 4500
001 - NÚMERO DE CONTROL
campo de control 196248
003 - IDENTIFICADOR DE NÚMERO DE CONTROL
campo de control ES-MaACL
005 - FECHA Y HORA DE LA ÚLTIMA TRANSACCIÓN
campo de control 20250825062657.0
008 - DATOS DE LONGITUD FIJA--INFORMACIÓN GENERAL
campo de control de longitud fija 240823s2023 sp ||||| |||| 00| 0 spa d
040 ## - FUENTE DE CATALOGACIÓN
Centro/agencia transcriptor ES-MaACL
100 ## - ENTRADA PRINCIPAL--NOMBRE DE PERSONA
Nombre de persona Bravo, Clara
9 (RLIN) 238572
Término indicativo de función/relación Fotógrafo
245 ## - MENCIÓN DEL TÍTULO
Título Islandia :
Resto del título Hielo y fuego /
Mención de responsabilidad, etc. Clara Bravo, Graciela Crespo, José María Díaz-Maroto, Kika Dávila, Luis Eguiagaray, Cristina Hierro, José María Mellado.
260 ## - PUBLICACIÓN, DISTRIBUCIÓN, ETC.
Lugar de publicación, distribución, etc. Madrid,
Nombre del editor, distribuidor, etc. Calma y sosiego ediciones,
Fecha de publicación, distribución, etc. 2023.
300 ## - DESCRIPCIÓN FÍSICA
Extensión 98 pág. :
Dimensiones 21 x 30 cm.
336 ## - TIPO DE CONTENIDO
Fuente rdacontent
Término de tipo de contenido Texto
337 ## - TIPO DE MEDIO
Fuente rdamedia
Nombre/término del tipo de medio sin mediación
338 ## - TIPO DE SOPORTE
Fuente rdacarrier
Nombre/término del tipo de soporte volumen
650 #7 - PUNTO DE ACCESO ADICIONAL DE MATERIA--TÉRMINO DE MATERIA
Término de materia o nombre geográfico como elemento de entrada Fotografía
Fuente del encabezamiento o término embne
9 (RLIN) 12943
651 #7 - PUNTO DE ACCESO ADICIONAL DE MATERIA--NOMBRE GEOGRÁFICO
9 (RLIN) 145596
Nombre geográfico Islandia-
Subdivisión general Geografía
655 #7 - TERMINO DE INDIZACIÓN--GENERO/FORMA
Fuente del término tgfbne
Datos o término principal de género/forma Libros ilustrados
9 (RLIN) 193653
700 ## - ENTRADA AGREGADA--NOMBRE PERSONAL
Nombre de persona Mellado, José María
Término indicativo de función/relación Fotógrafo
9 (RLIN) 240335
700 ## - ENTRADA AGREGADA--NOMBRE PERSONAL
9 (RLIN) 238710
Nombre de persona Díaz-Maroto, José María
Término indicativo de función/relación Fotógrafo
700 ## - ENTRADA AGREGADA--NOMBRE PERSONAL
Nombre de persona Crespo, Graciela
Término indicativo de función/relación Fotógrafo
9 (RLIN) 240336
700 ## - ENTRADA AGREGADA--NOMBRE PERSONAL
Nombre de persona Dávila, Kika
Término indicativo de función/relación Fotógrafo
9 (RLIN) 240337
700 ## - ENTRADA AGREGADA--NOMBRE PERSONAL
9 (RLIN) 236547
Nombre de persona Eguiagaray, Luis
Término indicativo de función/relación Fotógrafo
700 ## - ENTRADA AGREGADA--NOMBRE PERSONAL
Nombre de persona Hierro, Cristina
Término indicativo de función/relación Fotógrafo
9 (RLIN) 240338
852 ## - LOCALIZACIÓN
Ubicación ES-MaACL
Ubicación en estantería Depósito J
Número de control de estantería N-9302
itemnumber 205374
Donativo/Legado Donación: Sección de fotografía del Ateneo de Madrid
Anotaciones manuscritas Dedicatoria autógrafa de José María Mellado
Encuadernación Encuadernación cartoné
903 ## - NOMBRE PERSONAL DE DONANTE
a Mellado, José María
e Donante
942 ## - ELEMENTOS DE ENTRADA SECUNDARIOS (KOHA)
Tipo de ítem Koha Libro impreso
Suprimir en OPAC No
Holdings
Estatus retirado Estado de pérdida Fuente del sistema de clasificación o colocación Estado de daño No para préstamo Colección Biblioteca de origen Biblioteca actual Ubicación en estantería Fecha de adquisición Fuente de adquisición Total de préstamos Signatura topográfica completa Código de barras Visto por última vez Precio de reemplazo Tipo de ítem Koha
    Clasificación decimal universal     Libros con dedicatorias Biblioteca del Ateneo de Madrid Biblioteca del Ateneo de Madrid Depósito J 09/05/2025 Donación   N-9302 101230026 09/05/2025 09/05/2025 Libro impreso